| 000 | 00415nam a2200121Ia 4500 | ||
|---|---|---|---|
| 008 | 191108s9999 xx 000 0 und d | ||
| 100 | _aVivas, Celso P. | ||
| 245 |
_cCelso Vivas.-- _aPractice-oriented handbook on corporate governance / |
||
| 260 |
_aManila: _bPhilippine Institute of Public Accountants _c2003 |
||
| 300 | _a250 pages : | ||
| 500 | _aIncludes index. | ||
| 650 | _aCorporate governance -- Philippines. | ||
| 999 |
_c362496 _d362496 |
||